Cricket Fever: A history of Pakistan-India Tours (Record no. 490201)
[ view plain ]
| 000 -LEADER | |
|---|---|
| fixed length control field | 00471nam a22001457a 4500 |
| 020 ## - INTERNATIONAL STANDARD BOOK NUMBER | |
| International Standard Book Number | - |
| 082 ## - DEWEY DECIMAL CLASSIFICATION NUMBER | |
| Classification number | 796.3580954 KHA |
| 100 ## - MAIN ENTRY--PERSONAL NAME | |
| Personal name | Khalid, Mahmood Syed |
| 245 ## - TITLE STATEMENT | |
| Title | Cricket Fever: A history of Pakistan-India Tours |
| 260 ## - PUBLICATION, DISTRIBUTION, ETC. | |
| Place of publication, distribution, etc. | Karachi |
| Name of publisher, distributor, etc. | Jumbo Publishing |
| Date of publication, distribution, etc. | 2008 |
| 300 ## - PHYSICAL DESCRIPTION | |
| Extent | 142 p. |
| 500 ## - GENERAL NOTE | |
| General note | Includes index |
| 650 ## - SUBJECT ADDED ENTRY--TOPICAL TERM | |
| Topical term or geographic name entry element | Cricket--India--History. Cricket--Pakistan--History. India--Foreign relations--Pakistan. Pakistan--Foreign relations--India. |
| 942 ## - ADDED ENTRY ELEMENTS (KOHA) | |
| Koha item type | Book |
| Withdrawn status | Lost status | Source of classification or shelving scheme | Damaged status | Not for loan | Permanent Location | Current Location | Shelving location | Date acquired | Shelving control number | Total Checkouts | Full call number | Barcode | Date last seen | Price effective from | Koha item type |
|---|---|---|---|---|---|---|---|---|---|---|---|---|---|---|---|
| School of Interdisciplinary Engineering and Sciences (SINES) | School of Interdisciplinary Engineering and Sciences (SINES) | Fiction | 03/12/2019 | English Literature | 796.3580954 KHA | RCMS002952 | 03/12/2019 | 03/12/2019 | Book |
